Writing for publication in nursing

Bibliographic Details
Main Authors: Oermann, Marilyn H. (Author), Hays, Judith C. (Author)
Format: Book
Language:English
Published: New York : Springer Publishing , c2011
Edition:2nd ed
Subjects:

MARC

LEADER 00000cam a2200000 7i4500
001 0000072849
005 20120110093000.0
008 110512s2011 nyu eng
020 |a 082611802X (paperback ; alk. paper) 
020 |a 0826118046 (ebook) 
020 |a 9780826118028 (paperback ; alk. paper) 
020 |a 9780826118042 (ebook) 
050 0 0 |a RT24   |b .O37 2010 
060 1 0 |a WZ 345   |b O29w 2010 
090 0 0 |a RT24   |b .O37 2010 
100 1 |a Oermann, Marilyn H. ,   |e author 
245 1 0 |a Writing for publication in nursing   |c Marilyn H. Oermann, Judith C. Hays 
250 |a 2nd ed 
260 |a New York :   |b Springer Publishing ,   |c c2011 
300 |a xiii, 361 p. :   |b ill. ;   |c 26 cm. 
504 |a Includes bibliographical references and index 
505 0 |a 1. Getting started -- 2. Selecting a journal -- 3. Authorship and preparing to write -- 4. Reviewing the literature -- 5. Writing research articles -- 6. Review and evidence-based practice articles -- 7. Clinical practice articles -- 8. Other types of writing -- 9. Books and book chapters -- 10. Writing process -- 11. References -- 12. Tables and figures -- 13. Final paper and submission to journal -- 14. Editorial review process -- 15. Publishing process 
650 0 |a Nursing literature   |x Marketing 
650 0 |a Nursing   |v Periodicals 
650 0 |a Nursing   |x Authorship 
650 1 2 |a Writing   |v Nurses' Instruction 
650 2 2 |a Periodicals as Topic   |v Nurses' Instruction 
650 2 2 |a Publishing   |v Nurses' Instruction 
650 2 2 |a Research   |x methods   |v Nurses' Instruction 
700 1 |a Hays, Judith C. ,   |e author 
999 |a 1000143628   |b Book   |c OPEN SHELF (30 DAYS)   |e Gong Badak Campus